Адаптивная система управления процессом полимеризации нефтеполимерных смол; Приборы и системы. Управление, контроль, диагностика; № 4

Dades bibliogràfiques
Parent link:Приборы и системы. Управление, контроль, диагностика: научно-технический и производственный журнал.— , 2000-
№ 4.— 2003.— С. 22-23
Autor principal: Мончарж Э. М.
Altres autors: Осипов В. Н.
Idioma:rus
Publicat: 2003
Col·lecció:Автоматизированные системы управления
Matèries:
Format: MixedMaterials Capítol de llibre
KOHA link:https://koha.lib.tpu.ru/cgi-bin/koha/opac-detail.pl?biblionumber=385931

MARC

LEADER 00000naa2a2200000 4500
001 385931
005 20231101063419.0
035 |a (RuTPU)RU\TPU\prd\14168 
090 |a 385931 
100 |a 20030523a2003 k y0rusy50 ca 
101 0 |a rus 
102 |a RU 
200 1 |a Адаптивная система управления процессом полимеризации нефтеполимерных смол  |f Э. М. Мончарж, В. Н. Осипов 
225 1 |a Автоматизированные системы управления 
320 |a Библиогр.: 2 назв. 
461 1 |0 (RuTPU)RU\TPU\prd\1687  |t Приборы и системы. Управление, контроль, диагностика  |o научно-технический и производственный журнал  |d 2000- 
463 1 |0 (RuTPU)RU\TPU\prd\13774  |t № 4  |v С. 22-23  |d 2003 
610 1 |a системы управления 
610 1 |a адаптивные системы 
610 1 |a нефть 
610 1 |a нефтеполимерные смолы 
610 1 |a полимеризация 
610 1 |a процессы 
700 1 |a Мончарж  |b Э. М. 
701 1 |a Осипов  |b В. Н. 
801 1 |a RU  |b 63413507  |c 20030523  |g PSBO 
801 2 |a RU  |b 63413507  |c 20121008  |g RCR 
942 |c BK